[Event "ROU-chT 1st League 2019"]
[Site "Mamaia"]
[Date "2019.09.21"]
[Round "1.1"]
[White "Macovei, Andrei"]
[Black "Kuzubov, Yuriy"]
[Result "1/2-1/2"]
[WhiteElo "2426"]
[BlackElo "2636"]
[Annotator "TA"]
[PlyCount "90"]
[EventDate "2019.09.21"]
[EventType "team-tourn"]
[EventCountry "ROU"]
[SourceTitle "playchess.com"]
[Source "ChessBase"]
[SourceQuality "1"]

{[%evp 15,90,4,21,27,26,20,33,23,21,21,29,16,35,18,26,12,47,28,32,0,23,29,70,75,106,86,102,112,101,33,74,68,47,0,0,0,0,0,0,0,0,0,0,0,0,0,0,0,0,-137,0,0,0,0,0,-114,-117,-259,-118,-160,-154,-121,0,0,0,0,0,0,0,0,0,0,0,0,0,0,0]} 1. e4 c5 2. Nf3 d6 3. d4 cxd4 4. Nxd4 Nf6 5. Nc3 a6 6. f3 e5 7. Nb3 Be6 8. Be3 h5 9. Nd5 {B90: Sicilian Najdorf: Unusual White 6th moves, 6 Be3 Ng4 and 6 Be3 e5} Bxd5 10. exd5 Nbd7 11. Qd2 {White is slightly better.} g6 12. Be2 (12. O-O-O Bg7 13. Kb1 Qc7 14. Be2 a5 15. a4 O-O 16. g4 Rfc8 17. Bb5 hxg4 18. fxg4 Nxg4 {0-1 (75) Robson,R (2667)-Saric,I (2690) chess.com INT 2019}) 12... Bg7 13. O-O b6 14. c4 O-O 15. Rac1 Kh7 16. Kh1 $146 ({Predecessor:} 16. f4 Ne4 17. Qc2 f5 {0-1 (40) Vocaturo,D (2489)-Esen,B (2506) Thessaloniki 2010}) 16... Qe7 17. Na1 Ng8 18. g4 hxg4 19. fxg4 e4 20. Nb3 Rae8 21. Nd4 Ne5 22. Bf4 (22. Bg5 $16 f6 23. Bf4) 22... Qd7 23. Qe3 Nxg4 24. Qh3+ N8h6 {Strongly threatening ...Nf2+!} 25. Ne6 $1 ({Don't go for} 25. Bxh6 $2 Nf2+ $1 {[%mdl 512]} 26. Rxf2 Qxh3 $19) 25... Kg8 $1 26. Bxg4 Nxg4 27. Qxg4 fxe6 28. Qxg6 exd5 29. cxd5 Rf6 30. Qg2 e3 {aiming for ...e2.} 31. Rce1 Qf7 $36 {[%mdl 2048] White is under pressure.} 32. Bg5 {[#]} (32. Bxd6 $11 Rf2 33. Rxf2 exf2 34. Rxe8+ Qxe8 35. Qxf2) 32... Rxf1+ (32... Rf2 $1 $17 {[%cal Rf2g2]} 33. Rxf2 exf2 34. Rxe8+ Qxe8 35. Qxf2 Qe4+ {[%mdl 64] Double Attack} 36. Qg2 Qb1+ {[%mdl 64] Double Attack} 37. Qg1 Qxa2) 33. Rxf1 $11 Qg6 34. Re1 e2 35. Bc1 (35. Bf4 $11 {keeps the balance.} Qf6 36. Bc1) 35... Qh5 $17 36. Bd2 {[#]} (36. Bf4 $17) 36... Kh7 (36... Kf7 $1 $19 {and Black stays clearly on top.} 37. Bc3 Bxc3 38. bxc3 Re7) 37. Bc3 Bxc3 38. bxc3 {[%mdl 4096] Endgame KQR-KQR} b5 ({Better is} 38... Kh6 $17 {Hoping for ...b5.} 39. Kg1 Re7) 39. Rg1 $1 $11 {[%csl Gg1][%cal Rg2g7] The position is equal.} Qh6 ({Weaker is} 39... e1=Q 40. Qg7#) 40. Qf2 {White wants to mate with Qf7+.} Kh8 41. Qd4+ Re5 42. Qg4 {[%csl Gg1][%cal Rg4g8]} Re8 43. Qd4+ Re5 44. Qg4 {[%csl Gg1][%cal Rg4g8]} Re8 45. Qd4+ Re5 {Accuracy: White = 59%, Black = 46%.} 1/2-1/2

[Event "ROU-chT 1st League 2019"]
[Site "Mamaia"]
[Date "2019.09.21"]
[Round "1.2"]
[White "Baklan, Vladimir"]
[Black "Schitco, Ivan"]
[Result "1-0"]
[WhiteElo "2604"]
[BlackElo "2492"]
[Annotator "TA"]
[PlyCount "107"]
[EventDate "2019.09.21"]
[EventType "team-tourn"]
[EventCountry "ROU"]
[SourceTitle "playchess.com"]
[Source "ChessBase"]
[SourceQuality "1"]

{[%evp 9,107,11,41,38,44,50,54,39,39,39,37,39,58,21,8,23,20,37,30,12,0,14,4,0,0,0,20,0,0,0,0,-17,-25,-8,-3,-11,5,0,21,18,20,9,14,0,6,12,38,37,37,65,47,61,43,12,111,107,102,103,108,102,110,104,110,110,93,106,235,224,233,221,265,263,232,247,313,311,348,348,324,313,416,388,484,475,557,537,545,515,534,525,677,664,693,700,714,690,933,895,793,783]} 1. e4 e5 2. Nf3 Nf6 3. Nxe5 d6 4. Nf3 Nxe4 5. Bd3 Nc5 (5... Nf6 {is more complex.} 6. O-O Be7 7. c3 O-O 8. Bc2 Re8) (5... Nf6 6. O-O Be7 7. c3 O-O 8. Bc2 c5 9. d4 Be6 10. Re1 Re8 11. Bg5 Nbd7 12. Nbd2 Qb6 13. dxc5 dxc5 {½-½ (54) Shankland,S (2725)-Mamedyarov,S (2817) Wijk aan Zee 2019}) 6. Be2 {C42: Petroff Defence: 3 Nxe5 and unusual White 3rd moves} d5 7. d4 Ne6 8. O-O {White is slightly better.} Nd7 9. c4 Nf6 10. cxd5 $146 ({Predecessor:} 10. Nc3 Be7 11. h3 O-O 12. Be3 c6 13. c5 {1-0 (71) Czarnota,D-Wojciechowska,A (2010) Polanczyk 2000}) 10... Nxd5 11. Ne5 {Black must now prevent Bb5+.} c6 12. Nc3 Be7 13. Nxd5 Qxd5 14. Bf3 Qd6 15. Be3 O-O 16. Rc1 Nc7 17. Qb3 {[%cal Re5c6]} Qb4 18. Qc2 {And now Bxc6! would win.} Nd5 19. Be4 Nf6 20. a3 Qd6 21. Bd3 Be6 22. Rcd1 Rae8 23. Rfe1 Kh8 24. h3 a6 25. b4 Qd8 26. Bg5 h6 27. Bc1 Bd5 28. Qc3 Ng8 29. Bc2 Bg5 30. Qd3 {[%csl Gc2][%cal Rd3h7] [#]} g6 31. Be3 Qd6 (31... Kg7 $11 {remains equal.}) 32. Bxg5 $16 hxg5 33. Qg3 $36 {[%mdl 2048] aiming for Nxf7+! White is in control.} Qd8 34. Bxg6 fxg6 35. Nxg6+ {[%mdl 64] [#] Double Attack} Kh7 36. Nxf8+ Rxf8 37. Re5 Nh6 (37... Kh6 $16) 38. Rxg5 $18 {White threatens Rg7+ and mate.} Qe7 39. Qd3+ Qe4 40. Qxe4+ Bxe4 41. Re1 Bd5 42. Re7+ Rf7 43. Rge5 Kg6 44. Rxf7 Kxf7 45. g4 Ng8 46. f3 {White is clearly winning.} Ne7 47. Kf2 Ng6 48. Rf5+ Kg7 49. Kg3 Be6 50. Rg5 Kf6 51. f4 Nh8 52. Rh5 Nf7 53. f5 Bc4 54. Rh7 {Accuracy: White = 76%, Black = 47%.} 1-0

[Event "ROU-chT 1st League 2019"]
[Site "Mamaia"]
[Date "2019.09.21"]
[Round "1.3"]
[White "Vrencian, Lehel"]
[Black "Rogozenco, Dorian"]
[Result "1/2-1/2"]
[WhiteElo "2306"]
[BlackElo "2491"]
[Annotator "TA"]
[PlyCount "230"]
[EventDate "2019.09.21"]
[EventType "team-tourn"]
[EventCountry "ROU"]
[SourceTitle "playchess.com"]
[Source "ChessBase"]
[SourceQuality "1"]

{[%evp 21,230,36,46,12,13,6,29,17,20,27,15,16,13,17,22,10,16,21,27,35,30,24,35,0,19,0,0,0,0,0,0,0,0,0,0,0,0,0,0,0,0,0,0,0,0,0,0,0,0,-16,-16,-16,0,0,0,-29,0,0,0,-16,-16,-16,-16,-36,-3,-59,-59,-59,-59,-59,-48,-48,-48,-48,-48,-48,-47,-47,-47,-48,-48,-48,-48,-48,-48,-48,-48,-48,-48,-48,-37,-48,-48,-48,-48,-48,-48,-48,-47,-55,-55,-54,-47,-47,-47,-47,-47,-47,-47,-47,-25,-18,-18,-25,-25,-27,-18,-18,-18,-18,-18,-18,-18,-18,-18,-23,-23,-23,-23,-25,-25,-29,-25,-47,0,0,0,0,0,0,0,0,0,0,0,0,0,0,0,0,0,0,0,0,0,0,0,0,0,-59,0,0,0,0,0,0,0,0,0,0,0,0,0,0,0,0,0,0,0,0,0,0,0,0,0,0,0,0,0,0,0,0,0,0,0,0,0,0,0,0,0,0,0,0,0,0,0,0,0,0,0]} 1. e4 c5 2. Nf3 e6 3. d4 cxd4 4. Nxd4 Nf6 5. Nc3 Nc6 6. Ndb5 Bb4 7. a3 Bxc3+ 8. Nxc3 d5 9. exd5 exd5 10. Bd3 O-O 11. O-O h6 12. h3 {B45: Sicilian Four Knights} d4 (12... Re8 13. Bf4 a6 14. Re1 Rxe1+ 15. Qxe1 d4 16. Na4 Be6 17. Nc5 Qe7 18. b4 Re8 19. Rd1 Nd5 {1-0 (57) Saric,I (2643)-Schneider,I (2472) Germany 2012}) 13. Ne4 Bf5 $146 (13... Ne5 {keeps more tension.} 14. Bf4 Nxd3 15. cxd3 Re8 16. Re1 Nxe4 17. dxe4 Qf6) ({Predecessor:} 13... Nxe4 14. Bxe4 Qf6 15. Qd3 Rd8 16. f4 Be6 17. Bd2 Bd5 18. Bxd5 Rxd5 19. Rae1 Qd6 20. Re2 a6 21. Rfe1 Qd7 22. Re4 Rf8 23. R4e2 Rd8 24. Re4 Rf8 {½-½ (24) Karisik,N (2208)-Cetkovic,M (2199) Niksic 2018}) 14. Nxf6+ {White has an edge.} Qxf6 15. Qf3 Bxd3 16. Qxf6 gxf6 17. cxd3 Kg7 18. Bf4 Rfe8 19. Rfe1 Rxe1+ 20. Rxe1 $11 {[%mdl 4096] Endgame KRB-KRN} Rd8 21. Rc1 Rd5 22. Rc4 Kg6 23. g4 f5 24. Kg2 fxg4 25. hxg4 h5 26. gxh5+ Rxh5 27. Kf3 Rb5 28. b4 Kf5 29. Rc1 a5 30. bxa5 Rxa5 31. Rb1 Rxa3 32. Rxb7 Rxd3+ 33. Ke2 Ra3 34. Rxf7+ Ke4 35. Bh6 Ra2+ 36. Kf1 d3 37. Rf4+ Kd5 {[#] ...Ra1+ is the strong threat.} 38. Rf5+ Ke4 39. Rf4+ Ke5 {And now ...Ra1+ would win.} 40. Rc4 Kd5 41. Rc3 Ne5 42. Bf4 Ng6 43. Rxd3+ (43. Be3 $11) 43... Ke4 $15 44. Re3+ Kxf4 {KRN-KR} 45. Rb3 Ne5 46. Kg2 Rc2 47. Rb4+ Nc4 48. Ra4 Kf5 49. Kg3 Rc3+ 50. Kg2 Nd2 51. Ra8 Ne4 52. Rf8+ Nf6 53. Kg1 Kg5 54. Kg2 Ra3 55. Rb8 Nh5 56. Rg8+ Kh4 57. Rh8 Rb3 58. Kh2 Rf3 59. Kg2 Rf7 60. Rh6 Rf8 61. Rh7 Kg4 62. f3+ Kg5 63. Kf2 Re8 64. Ra7 Re5 65. Ra8 Nf4 66. Rg8+ Kh6 67. Rh8+ Kg6 68. Rg8+ Kf7 69. Rg4 Nd3+ 70. Kg3 Kf6 71. Rd4 Rg5+ 72. Rg4 Ra5 73. Rd4 Ra3 74. Rd6+ Ke7 75. Rd4 Ne5 76. Kf4 Ke6 77. Ke4 Nxf3 78. Rd8 Ng5+ 79. Kf4 Nf7 80. Rb8 Ra4+ 81. Ke3 Nd6 82. Kd3 Kd5 83. Rd8 Ra3+ 84. Ke2 Ke5 85. Rh8 Nf5 86. Re8+ Kf4 87. Kd2 Nd6 88. Rf8+ Ke4 89. Rd8 Nc4+ 90. Kc2 (90. Ke2 $11) 90... Ra6 (90... Kf3 $1 $15) 91. Kc3 {The position is equal.} Nd6 92. Rh8 Rc6+ 93. Kd2 Nc4+ 94. Ke2 Ne5 95. Rh4+ Kd5 96. Rh5 Rc3 97. Kd2 Rg3 98. Rh8 Nc4+ 99. Ke2 Nd6 100. Rd8 Rg6 101. Ke3 Ke5 102. Ra8 Rg3+ 103. Ke2 Rb3 104. Rh8 Rg3 105. Ra8 Ne4 106. Re8+ Kd4 {[#] ( -> ...Re3+)} 107. Rd8+ Kc4 108. Rc8+ Nc5 109. Rh8 Ne6 110. Kf2 Ra3 111. Rc8+ Kd4 112. Re8 Re3 113. Re7 Kd3 114. Ra7 Re2+ 115. Kg3 Ke4 {Accuracy: White = 74%, Black = 63%.} 1/2-1/2

[Event "ROU-chT 1st League 2019"]
[Site "Mamaia"]
[Date "2019.09.21"]
[Round "1.4"]
[White "Marin, Mihail"]
[Black "Nastase, Robert-Paul"]
[Result "1-0"]
[WhiteElo "2524"]
[BlackElo "2280"]
[Annotator "ChessBase"]
[PlyCount "85"]
[EventDate "2019.09.21"]
[EventType "team-tourn"]
[EventCountry "ROU"]
[SourceTitle "playchess.com"]
[Source "ChessBase"]
[SourceQuality "1"]
[TimeControl "40/5400+30:1800+30"]

1. f4 {[%emt 0:00:00]} c5 {[%emt 0:00:00]} 2. Nf3 {[%emt 0:00:00]} g6 {[%emt 0:00:00]} 3. g3 {[%emt 0:00:00]} Bg7 {[%emt 0:00:00]} 4. Bg2 {[%emt 0:00:00]} Nc6 {[%emt 0:00:00]} 5. O-O {[%emt 0:00:20]} d6 {[%emt 0:00:20]} 6. d3 {[%emt 0:00:28]} e6 {[%emt 0:02:36]} 7. e4 {[%emt 0:03:51]} Nge7 {[%emt 0:00:17]} 8. c3 {[%emt 0:00:13]} O-O {[%emt 0:01:19]} 9. Be3 {[%emt 0:00:07]} b6 {[%emt 0:05:56]} 10. d4 {[%emt 0:01:35]} Ba6 {[%emt 0:10:40]} 11. Re1 {[%emt 0:01:54]} Rc8 {[%emt 0:00:08]} 12. Na3 {[%emt 0:03:24]} Na5 {[%emt 0:08:35]} 13. dxc5 {[%emt 0:07:46]} dxc5 {[%emt 0:00:25]} 14. Qa4 {[%emt 0:02:40]} Qe8 {[%emt 0:01:36]} 15. Qxe8 {[%emt 0:01:33]} Rfxe8 {[%emt 0:00:07]} 16. e5 {[%emt 0:00:15]} Nd5 {[%emt 0:06:36]} 17. Bf2 {[%emt 0:04:30]} Bf8 {[%emt 0:00:05]} 18. Ng5 {[%emt 0:03:25]} b5 {[%emt 0:01:45]} 19. Bf1 {[%emt 0:02:19]} c4 {[%emt 0:00:46]} 20. Nc2 {[%emt 0:00:29]} b4 {[%emt 0:00:45]} 21. Ne4 {[%emt 0:01:40]} bxc3 {[%emt 0:00:55]} 22. bxc3 {[%emt 0:00:08]} Rc7 {[%emt 0:07:54]} 23. Ne3 {[%emt 0:03:01]} Kg7 {[%emt 0:04:37]} 24. Nxd5 {[%emt 0:01:02]} exd5 {[%emt 0:00:06]} 25. Nf6 {[%emt 0:00:07]} Rd8 {[%emt 0:01:32]} 26. Bg2 {[%emt 0:00:17]} Bc5 {[%emt 0:00:32]} 27. Bxd5 {[%emt 0:02:59]} Bxf2+ {[%emt 0:03:24]} 28. Kxf2 {[%emt 0:00:07]} Bb7 {[%emt 0:00:08]} 29. Rad1 {[%emt 0:01:20]} Bxd5 {[%emt 0:01:50]} 30. Rxd5 {[%emt 0:07:56]} Rxd5 {[%emt 0:00:02]} 31. Nxd5 {[%emt 0:00:06]} Rb7 {[%emt 0:01:13]} 32. Nf6 {[%emt 0:03:08]} Nc6 {[%emt 0:00:27]} 33. Ne8+ {[%emt 0:03:27]} Kf8 {[%emt 0:00:05]} 34. Nd6 {[%emt 0:00:05]} Rb2+ {[%emt 0:00:03]} 35. Re2 {[%emt 0:00:07]} Rb1 {[%emt 0:00:02]} 36. Rc2 {[%emt 0:00:36]} Na5 {[%emt 0:00:15]} 37. Ke3 {[%emt 0:00:52]} Ke7 {[%emt 0:03:30]} 38. Rd2 {[%emt 0:04:26]} Ke6 {[%emt 0:01:10]} 39. Kd4 {[%emt 0:06:27]} f6 {[%emt 0:01:35]} 40. Nxc4 {[%emt 0:00:00]} Rb5 {[%emt 0:00:00]} 41. Nxa5 {[%emt 0:03:01]} fxe5+ {[%emt 0:00:10]} 42. Kc4 {[%emt 0:00:31]} Rxa5 {[%emt 0:00:16]} 43. Re2 {[%emt 0:00:08] Kd5+} 1-0

[Event "ROU-chT 1st League 2019"]
[Site "Mamaia"]
[Date "2019.09.21"]
[Round "1.5"]
[White "Vasile, Claudiu-Daniel"]
[Black "Manolache, Marius"]
[Result "0-1"]
[WhiteElo "2233"]
[BlackElo "2548"]
[Annotator "ChessBase"]
[PlyCount "122"]
[EventDate "2019.09.21"]
[EventType "team-tourn"]
[EventCountry "ROU"]
[SourceTitle "playchess.com"]
[Source "ChessBase"]
[SourceQuality "1"]
[TimeControl "40/5400+30:1800+30"]

1. e4 {[%emt 0:00:00]} d6 {[%emt 0:00:00]} 2. d4 {[%emt 0:00:00]} Nf6 {[%emt 0:00:00]} 3. Nc3 {[%emt 0:00:00]} g6 {[%emt 0:00:00]} 4. Be3 {[%emt 0:00:40]} c6 {[%emt 0:00:28]} 5. Nf3 {[%emt 0:01:00]} Bg7 {[%emt 0:00:40]} 6. h3 {[%emt 0:00:36]} O-O {[%emt 0:00:19]} 7. a4 {[%emt 0:01:17]} b6 {[%emt 0:07:24]} 8. Be2 {[%emt 0:06:50]} Bb7 {[%emt 0:02:27]} 9. O-O {[%emt 0:03:05]} a6 {[%emt 0:06:48]} 10. e5 {[%emt 0:13:53]} dxe5 {[%emt 0:04:54]} 11. dxe5 {[%emt 0:02:36]} Nd5 {[%emt 0:00:09]} 12. Nxd5 {[%emt 0:04:50]} cxd5 {[%emt 0:00:06]} 13. Qd4 {[%emt 0:04:06]} Nc6 {[%emt 0:11:56]} 14. Qxb6 {[%emt 0:02:43]} Qxb6 {[%emt 0:00:58]} 15. Bxb6 {[%emt 0:00:02]} Nxe5 {[%emt 0:00:09]} 16. Nxe5 {[%emt 0:03:53]} Bxe5 {[%emt 0:00:03]} 17. c3 {[%emt 0:00:47]} Rfc8 {[%emt 0:01:31]} 18. a5 {[%emt 0:07:05]} e6 {[%emt 0:15:17]} 19. Rfe1 {[%emt 0:07:02]} Bf6 {[%emt 0:01:44]} 20. Red1 {[%emt 0:05:24]} Bc6 {[%emt 0:09:34]} 21. Kf1 {[%emt 0:06:34]} h5 {[%emt 0:01:01]} 22. Ra2 {[%emt 0:02:21]} Bg7 {[%emt 0:02:28]} 23. Bd3 {[%emt 0:04:02]} Be8 {[%emt 0:05:22]} 24. Be2 {[%emt 0:01:04]} Bf6 {[%emt 0:02:47]} 25. Raa1 {[%emt 0:01:03]} Be7 {[%emt 0:04:11]} 26. Bd4 {[%emt 0:04:23]} f6 {[%emt 0:03:22]} 27. Bb6 {[%emt 0:02:38]} Kf7 {[%emt 0:04:10]} 28. Rd4 {[%emt 0:03:03]} Bc6 {[%emt 0:01:12]} 29. Rd2 {[%emt 0:04:06]} f5 {[%emt 0:08:37]} 30. Rdd1 {[%emt 0:02:58]} Bf6 {[%emt 0:00:42]} 31. Rd2 {[%emt 0:01:59]} Bb7 {[%emt 0:01:42]} 32. Bf3 {[%emt 0:00:21]} h4 {[%emt 0:00:55]} 33. Bd4 {[%emt 0:04:57]} Bc6 {[%emt 0:00:58]} 34. Be2 {[%emt 0:00:44]} e5 {[%emt 0:00:23]} 35. Bb6 {[%emt 0:00:12]} Bg5 {[%emt 0:01:25]} 36. Rdd1 {[%emt 0:00:09]} Be7 {[%emt 0:00:43]} 37. f4 {[%emt 0:00:45]} e4 {[%emt 0:02:03]} 38. c4 {[%emt 0:00:46]} dxc4 {[%emt 0:01:48]} 39. Bxc4+ {[%emt 0:00:02]} Kg7 {[%emt 0:00:07]} 40. b3 {[%emt 0:00:00]} Bb4 {[%emt 0:00:00]} 41. Bf2 {[%emt 0:07:46]} Be7 {[%emt 0:01:19]} 42. Bb6 {[%emt 0:02:05]} g5 {[%emt 0:05:03]} 43. fxg5 {[%emt 0:04:26]} Kg6 {[%emt 0:00:26]} 44. Rac1 {[%emt 0:04:24]} Kxg5 {[%emt 0:00:16]} 45. Be6 {[%emt 0:00:53]} Bb5+ {[%emt 0:01:36]} 46. Kg1 {[%emt 0:03:23]} Rxc1 {[%emt 0:00:42]} 47. Rxc1 {[%emt 0:00:14]} Re8 {[%emt 0:08:29]} 48. Bc4 {[%emt 0:03:52]} Bxc4 {[%emt 0:03:29]} 49. bxc4 {[%emt 0:00:11]} Rc8 {[%emt 0:00:15]} 50. Kf2 {[%emt 0:02:54]} Kf4 {[%emt 0:01:54]} 51. Rc2 {[%emt 0:04:13]} Ke5 {[%emt 0:04:10]} 52. Kf1 {[%emt 0:01:24]} f4 {[%emt 0:01:40]} 53. Ke2 {[%emt 0:01:20]} Rc6 {[%emt 0:02:21]} 54. c5 {[%emt 0:01:27]} Rg6 {[%emt 0:02:40]} 55. Kf1 {[%emt 0:00:16]} Kd5 {[%emt 0:00:18]} 56. Rd2+ {[%emt 0:00:32]} Kc6 {[%emt 0:00:33]} 57. Bd8 {[%emt 0:00:36]} Bxc5 {[%emt 0:01:01]} 58. Bxh4 {[%emt 0:00:11]} Kb5 {[%emt 0:01:27]} 59. Be1 {[%emt 0:00:32]} f3 {[%emt 0:00:21]} 60. gxf3 {[%emt 0:00:48]} Rg1+ {[%emt 0:00:15]} 61. Ke2 {[%emt 0:00:00]} exf3+ {[%emt 0:00:10]} 0-1

[Event "ROU-chT 1st League 2019"]
[Site "Mamaia"]
[Date "2019.09.21"]
[Round "1.6"]
[White "Banzea, Alexandru-Bogdan"]
[Black "Ciorica, Mihai-Vlad"]
[Result "1/2-1/2"]
[WhiteElo "2401"]
[BlackElo "1985"]
[Annotator "NA"]
[PlyCount "51"]
[EventDate "2019.09.21"]
[EventType "team-tourn"]
[EventCountry "ROU"]
[SourceTitle "playchess.com"]
[Source "ChessBase"]
[SourceQuality "1"]
[TimeControl "40/5400+30:1800+30"]

1. e4 {[%emt 0:00:00]} c5 {[%emt 0:00:00]} 2. Nf3 {[%emt 0:00:00]} e6 {[%emt 0:00:00]} 3. d4 {[%emt 0:00:01]} cxd4 {[%emt 0:00:00]} 4. Nxd4 {[%emt 0:00:05]} Qb6 {[%emt 0:00:00]} 5. Nb3 {[%emt 0:03:08]} Nc6 {[%emt 0:00:32]} 6. Nc3 {[%emt 0:00:13]} a6 {[%emt 0:00:10]} 7. Be2 {[%emt 0:04:10]} Nf6 {[%emt 0:00:25]} 8. O-O {[%emt 0:00:07]} d6 {[%emt 0:01:23]} 9. Be3 {[%emt 0:00:21]} Qc7 {[%emt 0:00:05]} 10. f4 {[%emt 0:00:19]} b5 {[%emt 0:00:32]} 11. a3 {[%emt 0:01:53]} Be7 {[%emt 0:00:29]} 12. Qe1 {[%emt 0:01:14]} Bb7 {[%emt 0:00:50]} 13. Rc1 {[%emt 0:05:13]} O-O {[%emt 0:09:57]} 14. g4 {[%emt 0:03:31]} Rfe8 {[%emt 0:04:09]} 15. g5 {[%emt 0:02:01]} Nd7 {[%emt 0:00:07]} 16. Qg3 {[%emt 0:09:04]} Bf8 {[%emt 0:02:14]} 17. h4 {[%emt 0:16:14]} Rac8 {[%emt 0:04:43]} 18. h5 {[%emt 0:01:28]} Na5 {[%emt 0:06:40]} 19. Nxa5 {[%emt 0:10:09]} Qxa5 {[%emt 0:01:00]} 20. Bd3 {[%emt 0:00:27]} b4 {[%emt 0:08:10]} 21. axb4 {[%emt 0:04:55]} Qxb4 {[%emt 0:00:43]} 22. Ra1 {[%emt 0:08:50]} Nc5 {[%emt 0:03:12]} 23. Na2 {[%emt 0:08:00]} Qa4 {[%emt 0:02:19]} 24. Nc3 {[%emt 0:00:50]} Qb4 {[%emt 0:00:04]} 25. Na2 {[%emt 0:01:26]} Qa4 {[%emt 0:00:06]} 26. Nc3 {[%emt 0:01:40]} 1/2-1/2

[Event "ROU-chT 1st League 2019"]
[Site "Mamaia"]
[Date "2019.09.21"]
[Round "1.7"]
[White "Musat, Adrian"]
[Black "Parligras, Mircea-Emilian"]
[Result "1/2-1/2"]
[WhiteElo "2378"]
[BlackElo "2629"]
[Annotator "TA"]
[PlyCount "84"]
[EventDate "2019.09.21"]
[EventType "team-tourn"]
[EventCountry "ROU"]
[SourceTitle "playchess.com"]
[Source "ChessBase"]
[SourceQuality "1"]

{[%evp 16,84,7,0,9,0,10,6,6,10,16,11,10,10,13,11,10,10,12,7,3,1,6,12,6,5,11,11,11,11,12,8,8,8,9,10,17,15,20,9,7,3,3,3,6,-13,-8,-38,-30,-30,-30,-30,-30,-36,0,0,0,0,80,0,0,0,0,0,0,0,0,0,0,0,0]} 1. Nf3 d5 2. g3 Bg4 3. Bg2 e6 4. c4 c6 5. cxd5 Bxf3 6. Bxf3 cxd5 7. O-O Nc6 8. d4 Nf6 9. Nc3 Be7 {A11: English Opening: 1...c6} 10. b3 (10. e3 O-O 11. Bd2 Qd7 12. Qe2 Rfc8 13. Rfd1 Bf8 14. Rac1 a6 15. Qd3 Ne7 16. b3 Nc6 17. Na4 {½-½ (46) Artemiev,V (2754)-Motylev,A (2650) Sochi 2019}) 10... Rc8 11. Bb2 O-O 12. e3 a6 13. Qe2 b5 {[#]} 14. Rfc1 $146 ({Predecessor:} 14. Bg2 Qb6 15. Rfc1 Rc7 16. g4 Rfc8 17. g5 {0-1 (44) Ftacnik,L (2558)-Azarov,S (2635) Czechia 2015}) 14... Qb6 15. Qd1 Rc7 16. a4 b4 17. Nb1 Rfc8 18. Nd2 Na5 19. Rxc7 Rxc7 20. Rc1 Nb7 21. Be2 a5 22. Bd3 Nd6 23. Rxc7 Qxc7 24. Qc2 Qxc2 25. Bxc2 Nfe4 26. Nf3 f6 27. Ne1 f5 28. f3 Nf6 29. Nd3 g5 30. Nf2 g4 31. f4 h5 32. Kg2 Kf7 33. Bd3 Bd8 34. Bc1 h4 35. gxh4 Nh5 36. h3 g3 {[#]} (36... Bxh4 $11 {remains equal.} 37. hxg4 Bxf2) 37. Nh1 ({White should play} 37. Nd1 $1 $16) 37... Bxh4 $11 {The position is equal.} 38. Bd2 Kg6 39. Be1 {[%cal Re1g3]} Ne4 40. Bxe4 dxe4 41. Bxg3 Nxg3 42. Nxg3 Bxg3 {Accuracy: White = 64%, Black = 69%.} 1/2-1/2

[Event "ROU-chT 1st League 2019"]
[Site "Mamaia"]
[Date "2019.09.21"]
[Round "1.8"]
[White "Deac, Bogdan-Daniel"]
[Black "Doncea, Vladimir"]
[Result "0-1"]
[WhiteElo "2613"]
[BlackElo "2341"]
[Annotator "TA"]
[PlyCount "68"]
[EventDate "2019.09.21"]
[EventType "team-tourn"]
[EventCountry "ROU"]
[SourceTitle "playchess.com"]
[Source "ChessBase"]
[SourceQuality "1"]

{[%evp 21,68,20,21,11,10,17,15,-10,-5,2,30,38,45,35,41,37,44,31,57,55,57,55,81,47,78,83,333,347,349,342,339,335,335,331,347,339,504,512,552,539,483,476,648,0,0,-358,-348,-29991,-29992]} 1. d4 d5 2. c4 e6 3. Nf3 Nf6 4. g3 Be7 5. Bg2 O-O 6. Nc3 dxc4 7. Ne5 Nc6 8. Bxc6 bxc6 9. Nxc6 Qe8 10. Nxe7+ Qxe7 11. Qa4 c5 12. dxc5 {E06: Closed Catalan: Early deviations} Qxc5 13. Be3 Qc7 14. O-O-O {The position is equal.} Bb7 (14... Ng4 15. Rd2 Nxe3 16. fxe3 Rb8 17. Rhd1 a5 18. Kb1 h6 19. Ka1 Rb4 {1-0 (49) Caruana,F (2822)-Nakamura,H (2777) Saint Louis 2018}) 15. f3 {[#]} Bc6 $146 ({Predecessor:} 15... Rfc8 16. Rd2 a5 17. Rhd1 Nd5 18. Bd4 Qe7 19. Nxd5 exd5 {½-½ (55) Hakobyan,A (2545)-Ter Sahakyan,S (2574) Yerevan 2019}) 16. Qxc4 Rfc8 17. Qc5 $36 {[%mdl 2048] White has some pressure.} Qb7 {White must now prevent ...Bxf3.} 18. Qa5 Rab8 {[%csl Gb8][%cal Rb7b2]} 19. Rd2 Nd5 20. Bd4 Be8 21. Kb1 Rc4 {Strongly threatening ...Rxd4!} 22. b3 {aiming for Nxd5.} Nxc3+ 23. Bxc3 Qc6 $2 {[#]} (23... f6 $16) 24. Qe5 $1 $18 {[%csl Gc3][%cal Re5g7]} Rxb3+ 25. axb3 {[%csl Gc3][%cal Re5g7]} Rxc3 26. Kb2 Rc5 27. Qb8 h6 28. Qxa7 f6 (28... Qb5 {keeps fighting.} 29. Rc1 Rxc1 30. Kxc1 Bc6) 29. Ra1 Kh7 30. Ra6 Qc8 31. Qa8 Qc7 32. Rxe6 $2 (32. Qxe8 $18 Qe5+ 33. Kb1) 32... Rc1 $11 33. Re3 $2 {[%mdl 8192]} (33. Rxe8 $2 Qc3+ 34. Ka3 Ra1+ 35. Ra2 Qc5+ 36. b4 Qc3+ 37. Ka4 Rxa2+ 38. Kb5 Rxa8 $19) (33. Qd5 $1 $11 {and White stays safe.} Bg6 34. Rd3 (34. Ka3 Bf7 $17)) 33... Bg6 $19 {( -> ...Rb1+)} 34. Re4 $2 ({Not} 34. Ka2 $2 {[#]} Ra1+ $1 {[%mdl 512]} 35. Kxa1 Qc1+ {[%mdl 64] Double Attack} 36. Ka2 Bb1+ 37. Ka1 Be4+ 38. Ka2 Qxd2+ 39. Ka3 Bxa8 $19) (34. Qa2 $19) 34... Qc3+ {[%mdl 64] Double Attack. Accuracy: White = 60%, Black = 33%.} 0-1